000 00778nam a2200241Ia 4500
003 OSt
005 20220925184613.0
006 a|||||r|||| 00| 0
007 ta
008 220923b |||||||| |||| 00| 0 eng d
020 _a9788184951196
_c165.75
037 _b1639, 28/03/2012, SUCCESS BOOK SERVICE
_cGeneral Book
040 _aRTL
_cRTL
_beng
041 _2eng
_aeng
082 _aX:87, Q0
100 _aSharma Robin
_939345
245 0 _aLeader who had no title
_b A modern fable on real success in business and in life
260 _aAhmedabad
_bJaico Publishing House
_c2011
300 _axii, 203p
_ccm.
650 _aCommerce
942 _hX:87, Q0
_cGB
_2CC
999 _c508271
_d508271